Guatemala. La integración Regional: un instrumento de desarrollo nacional /

Presenta 4 ponencias dedicadas a Guatemala que se llevaron a cabo en el Taller de Integración Centroamericana, celebrado en San José, Costa Rica el 10 de febrero del 2009 en el Hotel Radisson. En el mismo participaron representantes del gobierno, del sector politico, del sector empresarial y del sec...

Celý popis

Uloženo v:
Podrobná bibliografie
Hlavní autor: Trejos Montero, Marta (Compiladora)
Korporativní autor: Asociación Instituto de Estudios Superiores para el Desarrollo Humano Sostenible (CIDH)
Médium: Neznámo
Jazyk:Spanish
Vydáno: Costa Rica : Centro Internacional para el Desarrollo Humano. CIDH, 2009
Edice:Colección Círculo de Copán Tomo 5
Témata:
Tagy: Přidat tag
Žádné tagy, Buďte první, kdo vytvoří štítek k tomuto záznamu!

MARC

LEADER 00000 a2200000 04500
001 42290
003 cru IIS
005 20230307152723.0
008 050701s2009 cr spa d
020 |a 978-9968-512-10-7  
022 |a 978-9968-512-10-7  
040 |c cru IIS  |d cru IIS 
090 |a 01.02.01 C691i T5  
100 1 |9 10976  |a Trejos Montero, Marta  |e Compiladora 
110 1 |9 10977  |a Asociación Instituto de Estudios Superiores para el Desarrollo Humano Sostenible (CIDH) 
245 |a Guatemala. La integración Regional:   |b un instrumento de desarrollo nacional /  |c Asociación Instituto de Estudios Superiores para el Desarrollo Humano Sostenible (CIDH) 
260 |a Costa Rica :   |b Centro Internacional para el Desarrollo Humano. CIDH,   |c 2009 
300 |a 84 páginas  
440 |a Colección Círculo de Copán   |v Tomo 5 
520 4 |a Presenta 4 ponencias dedicadas a Guatemala que se llevaron a cabo en el Taller de Integración Centroamericana, celebrado en San José, Costa Rica el 10 de febrero del 2009 en el Hotel Radisson. En el mismo participaron representantes del gobierno, del sector politico, del sector empresarial y del sector social.Sonia Alvarez y Haroldo Rodas, analizan el tema de la integración regional como un instrumento de desarrollo nacional; mientras que Juan Alberto Fuentes, Fanny de Estrada, Fernando Carrera y Victoria Meza, exponen sobre la crisis y sus desafios para el mundo y sus repercusiones para Centroamérica y Guatemala; por su parte Juan Daniel Alemán, se refiere a la agenda regional desde una visión nacional; por último Frank La Rue, Mayra Alarcón y Juan Carlos Monge, hablan sobre la seguridad ciudadana como un reto para la gobernabilidad democrática. 
590 |a MBA/JULIO2014  
650 |a INTEGRACION REGIONAL  
650 |a DESARROLLO ECONOMICO Y SOCIAL  
650 |a DEMOCRACIA  
650 |a CRISIS ECONOMICA  
650 |a SEGURIDAD CIUDADANA  
650 |a GOBERNABILIDAD  
650 |a GUATEMALA  
650 |a CENTROAMERICA  
942 |2 ddc  |c LITG 
999 |c 1975  |d 1975